| Поле | Инд. | ПП | Название | Значение |
|---|---|---|---|---|
| Тип записи | a | |||
| Библиографический уровень | m | |||
| 001 | Контрольный номер | 10733ae1-6b0e-4c34-809d-ae09de2c6549 | ||
| 005 | Дата корректировки | 20140226123943.5 | ||
| 008 | Кодируемые данные | 991007 d | ||
| 020 | a | ISBN | 5-02-008614-2 | |
| c | Цена, тираж | 4 400-00, 4030-00 | ||
| 080 | a | Индекс УДК | 947.0"16":930.221(470) | |
| 084 | a | Индекс другой классификации/Индекс ББК | Т3(2)45 | |
| 090 | c | Каталожный индекс | Т3(2)45 | |
| x | Авторский знак | Р76 | ||
| a | Полочн. индекс | Т3(2)45 | ||
| 110 | a | Организация/ юрисдикция | Россия | |
| b | Подчиненная единица | Печатный приказ | ||
| 245 | 00 | a | Заглавие | Документы Печатного приказа (1613-1615 гг.) |
| c | Ответственность | Рос. АН. Отд-ние истории. Арх. РАН; Cост. С.Б. Веселовский | ||
| c | Ответственность | Отд-ние истории Рос. АН. | ||
| c | Ответственность | Арх. РАН | ||
| 260 | 0_ | a | Место издания | Москва |
| b | Издательство | Наука | ||
| c | Дата издания | 1994 | ||
| 300 | a | Объем | 477,[2] с. | |
| 504 | a | Библиография | Имен. указ.: с.428-478 | |
| 650 | a | Основная рубрика | Приказы в Русском государстве | |
| y | Хронологическая подрубрика | 17 в. | ||
| 650 | a | Основная рубрика | Русское государство | |
| 653 | a | Ключевые слова | Печатные приказы | |
| a | Ключевые слова | Источники | ||
| 700 | 1_ | a | Другие авторы | Веселов С.Б. |
| e | Роль лиц | Сост. | ||
| 852 | t | Порядковый номер экземпляра | 1 | |
| p | Инвентарный номер | 656971 | ||
| 852 | t | Порядковый номер экземпляра | 1 | |
| p | Инвентарный номер | 660097 | ||
| 930 | a | Новая/Ретро | Источники | |
| 954 | a | Дата поступления на обработку | 16.02.95 | |
| 999 | a | Подразделение 2 | ч.з. | |
| a | Подразделение 2 | кх. |